| 000 | 00388nam a2200169Ia 4500 | ||
|---|---|---|---|
| 003 | OSt | ||
| 005 | 20240212100459.0 | ||
| 008 | 170619s9999 xx 000 0 und d | ||
| 020 | _a9780195669862 | ||
| 040 | _cIIMT ENGINEERING COLLEGE | ||
| 100 | _aBajajChetan | ||
| 245 | 0 | _aRetail management | |
| 260 | _bNew Delhi Oxford | ||
| 260 | _c2007 | ||
| 546 | _aENGLISH | ||
| 942 |
_2ddc _c02 |
||
| 999 |
_c22341 _d22341 |
||